00865nam a2200229Ia 450000500170000000800410001702000150005804100080007310000160008124500250009725000220012226400490014430000400019333600270023333700330026033800280029352001980032165000300051965000400054904000350058908400110062420220316235230.0121119s1997 mx a gr 000 0 spa  a96816541290 aspa1 aGomi, Taro,10aA moversecTaro Gomi aPrimera edición 1aMéxicobFondo de Cultura Económicac1997 a14 páginasbilustracionesc12 cm. atextobtxt2rdacontent asin mediaciónbn2rdamedia avolumenbnc2rdacarrier2 aUn gatito rosa menea la cola. Un elefante naranja balancea su trompa. Un camaleón saca su lengua larga. Los bebés que aún no saben leer disfrutarán ayudando a los animales ¡a moverse!.142LEMBaLiteratura Infantil142LEMBaBebésxLibros de imágenes aCO-BoRNBPbspaerdacCO-BoRNBP aA GOM2